000 00447nam a2200181Ia 4500
001 23171
005 20260414150920.0
008 260414t2017||||xx |||||||||||||| ||spa||
041 _aESP
082 _a625.7
_bM22
100 _aMannering, Fred
_eAUT
245 0 _aPrinciples of highway engineering and traffic analysis
_b
260 _c2017
300 _a399 páginas :
_c25 cm.
650 _a0
654 _aCIC
942 _cLIB
_dJUS
_fJUS
_2ddc
_n
999 _c23171
_d23171